书目信息 |
| 题名: |
天一阁藏书考
|
|
| 作者: | 陈登原 著 | |
| 分册: | ||
| 出版信息: | 南京 金陵大学中国文化研究所 1932 |
|
| 页数: | 146页 | |
| 开本: | 26.9*15.5cm | |
| 丛书名: | ||
| 单 册: | ||
| 中图分类: | Z842.48 | |
| 科图分类: | ||
| 主题词: | 私人藏书--图书目录 | |
| 电子资源: | ||
| ISBN: | ||
| 000 | 00598nam0 2200193 450 | |
| 001 | 0630799640 | |
| 005 | 20061024083852.18 | |
| 010 | @b线装@dCNY1.50 | |
| 100 | @a20061024d1932 km y0chiy0120 ea | |
| 101 | 0 | @achi |
| 200 | 1 | @a天一阁藏书考@Atian yi ge cang shu kao@f陈登原著@Fchen deng yuan zhu |
| 210 | @a南京@c金陵大学中国文化研究所@d1932 | |
| 215 | @a146页@d26.9*15.5cm | |
| 300 | @a本函共三册,两册《天一阁藏书考》,一册《校史随笔》,共一函 | |
| 606 | 0 | @a私人藏书@x图书目录 |
| 690 | @aZ842.48@v3 | |
| 701 | 0 | @a陈登原@Achen deng yuan@4著 |
| 801 | 0 | @aCN@bPFT@c20061024 |
| 905 | @a10447@dZ842.48@e30 | |
| 天一阁藏书考/陈登原著.-南京:金陵大学中国文化研究所,1932 |
| 146页;26.9*15.5cm |
| 本函共三册,两册《天一阁藏书考》,一册《校史随笔》,共一函 |
| ISBN (线装):CNY1.50 |
| ● |
| 相关链接 |
|
|
|
|
正题名:天一阁藏书考
索取号:Z842.48/30
 
预约/预借
| 序号 | 登录号 | 条形码 | 馆藏地/架位号 | 状态 | 备注 |
| 1 | 0015754 | 202374581 | 古籍典藏专区/ [索取号:Z842.48/30] | 在馆 | |
| 2 | 0266337 | 202374572 | 古籍典藏专区/ [索取号:Z842.48/30] | 在馆 |